The Building Regulations 2000 (Record no. 106255)
[ view plain ]
| 000 -LEADER | |
|---|---|
| fixed length control field | 02290cam a2200253 4500 |
| 001 - CONTROL NUMBER | |
| control field | ##L135941 |
| 008 - FIXED-LENGTH DATA ELEMENTS--GENERAL INFORMATION | |
| fixed length control field | 061219n2006 000 0 eng u |
| 020 ## - INTERNATIONAL STANDARD BOOK NUMBER | |
| International Standard Book Number | 1859462626 |
| -- | 9781859462621 |
| 035 ## - SYSTEM CONTROL NUMBER | |
| System control number | (Sirsi) u135941 |
| 041 0# - LANGUAGE CODE | |
| Language code of text/sound track or separate title | eng |
| 050 04 - LIBRARY OF CONGRESS CALL NUMBER | |
| Classification number | 692.2 $2 18 |
| 110 1# - MAIN ENTRY--CORPORATE NAME | |
| Corporate name or jurisdiction name as entry element | United Kingdom |
| Subordinate unit | Department for Communities and Local Government |
| 9 (RLIN) | 4939 |
| 245 04 - TITLE STATEMENT | |
| Title | The Building Regulations 2000 |
| Remainder of title | Fire Safety |
| -- | Approved Document B |
| -- | Volume Two - buildings other than dwellinghouses |
| 260 ## - PUBLICATION, DISTRIBUTION, ETC. | |
| Place of publication, distribution, etc. | [S.l.] |
| Name of publisher, distributor, etc. | NBS |
| Date of publication, distribution, etc. | 2006 |
| 505 ## - FORMATTED CONTENTS NOTE | |
| Formatted contents note | B1: means of warning and escape -- B2: internal fire spread (linings) -- B3: internal fire spread (structure) -- B4: external fire spread -- B5: access and facilities for the fire service -- Appendix A: performance of materials and structures -- Appendix B: fire doors -- Appendix C: methods of measurement -- Appendix D: purpose groups -- Appendix E: definitions -- Appendix F: fire behaviour of insulating core panels used for internal structures - Appendix G: fire safety information -- Appendix H: standards and other publications referred to. |
| 520 ## - SUMMARY, ETC. | |
| Summary, etc. | Approved Document B has been split into two volumes, with volume two dealing with buildings other than dwelling houses. The changes, which come into force on 6 April 2007, will affect future building work in England and Wales, such as the erection, extension or material alteration of a building, and how fire safety is designed into a building. A major change is the introduction of a new Regulation (16B) to ensure adequate fire safety information is recorded to assist the eventual owner, occupier, or employer to meet their statutory duties under the Regulatory Reform (Fire Safety) Order 2005. Other changes include new guidance on residential care homes (including on the use of sprinklers) and the provision of sprinklers in tall blocks of flats. |
| 590 ## - LOCAL NOTE (RLIN) | |
| Local note | KA NTK |
| 650 24 - SUBJECT ADDED ENTRY--TOPICAL TERM | |
| Topical term or geographic name entry element | BUILDING REGULATIONS 2000 APPROVED DOCUMENT B VOLUME TWO (2006 EDITION) |
| 650 24 - SUBJECT ADDED ENTRY--TOPICAL TERM | |
| Topical term or geographic name entry element | REGULATORY REFORM (FIRE SAFETY) ORDER 2005 |
| 651 #4 - SUBJECT ADDED ENTRY--GEOGRAPHIC NAME | |
| Geographic name | England and Wales |
| Chronological subdivision | 1543- |
| 690 ## - LOCAL SUBJECT ADDED ENTRY--TOPICAL TERM (OCLC, RLIN) | |
| Topical term or geographic name as entry element | Building regulations |
| 9 (RLIN) | 6224 |
| 856 40 - ELECTRONIC LOCATION AND ACCESS | |
| Uniform Resource Identifier | <a href="https://www.planningportal.gov.uk/england/professionals/en/1115314683691.html">https://www.planningportal.gov.uk/england/professionals/en/1115314683691.html</a> |
| Public note | View Approved Document B (Volume Two) free of charge at www.planningportal.gov.uk... |
| 942 ## - ADDED ENTRY ELEMENTS (KOHA) | |
| Suppress in OPAC | 0 |
| Withdrawn status | Lost status | Source of classification or shelving scheme | Damaged status | Not for loan | Home library | Current library | Shelving location | Date acquired | Total Checkouts | Full call number | Barcode | Date last seen | Copy number | Price effective from | Koha item type |
|---|---|---|---|---|---|---|---|---|---|---|---|---|---|---|---|
| Dewey Decimal Classification | Virtual | Virtual | Online | 19/12/2006 | ONLINE PUBLICATION | 135941-2001 | 06/08/2019 | 1 | 06/08/2019 | Book |